000 00315nam a2200145Ia 4500
005 20251222152702.0
008 251222s9999||||xx |||||||||||||| ||spa||
020 _a8423332012
082 _a892.736/N16
100 _aNaguib Mahfuz
245 0 _aMiramar
250 _a1ra. ed.
264 _bDestino
942 _cLIB
999 _c28857
_d28857